The return Η επιστροφή

"Ο πατέρας δύο αγοριών επιστρέφει ύστερα από δώδεκα χρόνια ανεξήγητης απουσίας στο σπίτι του, στη Ρωσία, και τα δύο αδέρφια είναι αρχικά ενθουσιασμένα από την ανέλπιστη επιστροφή, μέχρι που οι τρεις τους θα ξεκινήσουν ένα μακρινό ταξίδι προς έναν προορισμό που μόνο ο πατέρας τους γνωρίζει. Κατά...

Πλήρης περιγραφή

Αποθηκεύτηκε σε:
Λεπτομέρειες βιβλιογραφικής εγγραφής
Άλλοι συγγραφείς: Zvyagintsev, Andrei 1964- (Διευθυντής), Garin, Vladimir, 1987-2003 (Ερμηνευτής), Dobronravov, Ivan 1989- (Ερμηνευτής), Lavronenko, Konstantin 1961- (Ερμηνευτής)
Μορφή: Διαφάνειες
Γλώσσα:Russian
Multiple
Δημοσίευση: Αθήνα : Prooptiki [Εταιρεία διανομής], [2003].
Θέματα:
Ετικέτες: Προσθήκη ετικέτας
Δεν υπάρχουν, Καταχωρήστε ετικέτα πρώτοι!

MARC

LEADER 00000cgm a2200000 i 4500
001 1/1845
008 091002s2003####gr ||| | || ||rus||
035 |l 10105755 
040 |a GR-MY-UA  |b gre  |e aacr 
041 0 |a rus  |j mul 
082 0 |a 791.437   |2 (22)  
245 1 4 |a The return   |h [μαγνητοσκόπηση] =   |b Η επιστροφή /   |c film by Andrey Zvyagintsev.  
246 1 |i Παράλληλος τίτλος:   |a Η επιστροφή   |h  [μαγνητοσκόπηση]  
260 |a Αθήνα :   |b Prooptiki [Εταιρεία διανομής],   |c [2003].  
300 |a 1 βιντεοδίσκος (106 λεπτ.) :   |b ομίλ., έγχρ. ;   |c 4 3/4 ίν.  
500 |a Κυκλοφόρησε πρώτη φορά ως κινηματογραφική ταινία το 2003.  
500 |a Στα ρωσικά με ελληνικούς υπότιτλους.  
508 |a Παραγωγή, Dmitry Lesnevsky ; σενάριο, Vladimir Moiseenko, Alexander Novototsky ; μουσική, Andrey Dergatchev ; μοντάζ, Vladimir Mogilevsky ; εκτέλεση παραγωγής, Elena Kovaleva.  
511 0 |a Vladimir Garin, Ivan Dobronravov, Konstantin Lavronenko, Natalia Vdovina.  
520 |a "Ο πατέρας δύο αγοριών επιστρέφει ύστερα από δώδεκα χρόνια ανεξήγητης απουσίας στο σπίτι του, στη Ρωσία, και τα δύο αδέρφια είναι αρχικά ενθουσιασμένα από την ανέλπιστη επιστροφή, μέχρι που οι τρεις τους θα ξεκινήσουν ένα μακρινό ταξίδι προς έναν προορισμό που μόνο ο πατέρας τους γνωρίζει. Κατά την διάρκεια του ταξιδιού, τα δύο αδέρφια, θα βιώσουν μία απότομη ενηλικίωση, ενώ ο πατέρας τους θα παραμείνει ένα άλυτο αίνιγμα". - Περίληψη από τη θήκη.  
650 0 0 |a Feature films. 
700 1 |a Zvyagintsev, Andrei  |d 1964-  |4 drt 
700 1 |a Garin, Vladimir,   |d 1987-2003.  |4 prf 
700 1 |a Dobronravov, Ivan  |d 1989-  |4 prf 
700 1 |a Lavronenko, Konstantin  |d 1961-  |4 prf 
852 |a INST  |b SYROS  |c AV  |e 20091002  |h 791.437 ZVY  |p 005500008187  |q 005500008187  |t DVD  |y 23 
901 |a BIBL5-2008-1 
909 |a Ε  |b 154967 
922 |a 5ΕΛΗ  |b 200709  |c ΒΙΒΛΙΟΘΗΚΗ ΣΥΡΟΥ  |d ANACO 
970 |a ΚΟΝΤΟΥ  |b ΠΑΡΑΣΚΕΥΗ  |z 2009/10/02